Audi Cars by Picture - Statistics

General Stats
  • This quiz has been taken 2,742 times
  • The average score is 26 of 31
Answer Stats
Picture Answer % Correct
Audi {A3}
95%
Audi {A4}
95%
Audi {A5}
95%
Audi {A6}
94%
Audi {A7}
94%
Audi {R8}
94%
Audi {A8}
93%
Audi {Q7}
93%
Audi {TT}
93%
Audi {Q3}
92%
Audi {Q5}
92%
Audi {A1}
91%
Audi {Q8}
89%
Audi {RS6}
89%
Audi {RS5}
87%
Audi {RS7}
87%
Audi {Q2}
86%
Audi {RS3}
86%
Audi {RS4}
86%
Audi {S3}
83%
Audi {S4}
83%
Audi {S5}
83%
Audi {S6}
83%
Audi {S7}
82%
Audi {S8}
82%
Audi {S1}
78%
Audi {TT RS}
74%
Audi {TTS}
70%
Audi {SQ5}
66%
Audi {SQ7}
66%
Audi {RS Q3}
55%
No matching quizzes found
Score Distribution
Percent of People with Each Score
Percentile by Number Answered
Your Score History
You have not taken this quiz